Catalog

Record Details

Catalog Search



Edo! - Ty neposedo! : obrázková etiketa pro nejmenší  Cover Image Book Book

Edo! - Ty neposedo! : obrázková etiketa pro nejmenší / Vendula Hegerová ; básničky Pavla Etrychová, Romana Suchá

Record details

  • ISBN: 978-80-262-1782-4
  • Physical Description: 20 nečíslovaných stran : barevné ilustrace ; 28 cm
  • Edition: Vydání druhé, v Portále první
  • Publisher: Praha : Portál, 2021

Content descriptions

General Note:
Kartonové listy
Subject: osobnostní a sociální výchova
personal and social education
Genre: leporela
říkadla
publikace pro děti
folding picture-books
children's poetry
children's literature

Available copies

  • 1 of 1 copy available at Common Catalog SPOK.

Holds

  • 0 current holds with 1 total copy.
Show Only Available Copies
Location Call Number / Copy Notes Barcode Shelving Location Status Due Date
Jabok Library BL-4.1/H 424480046811 Odborná literatura Available -

LDR 01848cam a2200481 i 4500
00158225
003CZ-PrJAB
00520220615082734.0
007ta
008210517s2021 xr a a 000 p cze d
015 . ‡acnb003325465
020 . ‡a978-80-262-1782-4 ‡q(vázáno)
035 . ‡a(CZ PrNK)nkc20213325465
035 . ‡a(OCoLC)1274108631
040 . ‡aKLG001 ‡bcze ‡dBOA001 ‡erda
072 7. ‡a373.2/.3 ‡xPředškolní a primární výchova a vzdělávání ‡2Konspekt ‡922
072 7. ‡a0/9-053.2 ‡xLiteratura pro děti a mládež (naučná) ‡2Konspekt ‡926
080 . ‡a37.015.31:316.42 ‡2MRF
080 . ‡a(0.025.2) ‡2MRF
080 . ‡a(0:82-193) ‡2MRF
080 . ‡a(0.053.2) ‡2MRF
1001 . ‡aHegerová, Vendula, ‡d1976- ‡7ola2003204967 ‡4ill
24510. ‡aEdo! - Ty neposedo! : ‡bobrázková etiketa pro nejmenší / ‡cVendula Hegerová ; básničky Pavla Etrychová, Romana Suchá
250 . ‡aVydání druhé, v Portále první
264 1. ‡aPraha : ‡bPortál, ‡c2021
300 . ‡a20 nečíslovaných stran : ‡bbarevné ilustrace ; ‡c28 cm
336 . ‡atext ‡btxt ‡2rdacontent
336 . ‡astatický obraz ‡bsti ‡2rdacontent
337 . ‡abez média ‡bn ‡2rdamedia
338 . ‡asvazek ‡bnc ‡2rdacarrier
500 . ‡aKartonové listy
65007. ‡aosobnostní a sociální výchova ‡7ph351300 ‡2czenas
65009. ‡apersonal and social education ‡2eczenas
655 7. ‡aleporela ‡7fd132727 ‡2czenas
655 7. ‡aříkadla ‡7fd133992 ‡2czenas
655 7. ‡apublikace pro děti ‡7fd133156 ‡2czenas
655 9. ‡afolding picture-books ‡2eczenas
655 9. ‡achildren's poetry ‡2eczenas
655 9. ‡achildren's literature ‡2eczenas
7001 . ‡aEtrychová, Pavla, ‡d1976- ‡7mzk2007408369 ‡4aut
7001 . ‡aSuchá, Romana, ‡d1973- ‡7mzk2006348744 ‡4aut
910 . ‡aABG312
995 . ‡aska
901 . ‡a58225 ‡bAUTOGEN ‡c58225 ‡tbiblio

Additional Resources